Mesures du Temps et de L´espace (Record no. 4986)

MARC details
000 -CABECERA
campo de control de longitud fija 01059nam a2200277 a 4500
001 - NÚMERO DE CONTROL
campo de control BRCA_5292
005 - FECHA Y HORA DE LA ÚLTIMA TRANSACCIÓN
campo de control 20190320205023.0
008 - DATOS DE LONGITUD FIJA--INFORMACIÓN GENERAL
campo de control de longitud fija 021210s1970----sz-a######---#000-0#fre-#
041 ## - CÓDIGO DE LENGUA
Código de lengua del texto/banda sonora o título independiente fre
044 ## - CÓDIGO DEL PAÍS DE LA ENTIDAD EDITORA/PRODUCTORA
Código MARC del país sz
050 #4 - SIGNATURA TOPOGRÁFICA DE LA BIBLIOTECA DEL CONGRESO
Número de clasificación TS542
Número de documento/Ítem .G89 1970
100 1# - ENTRADA PRINCIPAL--NOMBRE DE PERSONA
Nombre de persona Guye, Samuel
9 (RLIN) 13566
245 10 - MENCIÓN DE TÍTULO
Título Mesures du Temps et de L´espace
Resto del título Horloges, montres et instruments anciens
Mención de responsabilidad, etc. par Samuel Guye et Henri Michel ; photos par Pierre Devinoy ; préface par Nicolas E. Landau.
260 ## - PUBLICACIÓN, DISTRIBUCIÓN, ETC.
Lugar de publicación, distribución, etc. Friburgo, Suiza
Nombre del editor, distribuidor, etc. Office du Livre
Fecha de publicación, distribución, etc. 1970
300 ## - DESCRIPCIÓN FÍSICA
Extensión 290 p.
Otras características físicas il. (algunas a color)
Dimensiones 25 cm.
Material acompañante/anejo calendario perpetuo con dedicatoria para Héctor y su familia, diciembre 1973
500 ## - NOTA GENERAL
Nota general Incluye índice alfabético
500 ## - NOTA GENERAL
Nota general Donación Dr. Héctor Rivero Borrell Vázquez
504 ## - NOTA DE BIBLIOGRAFÍA, ETC.
Nota de bibliografía, etc. Bibliografía : p. 190
650 14 - PUNTO DE ACCESO ADICIONAL DE MATERIA--TÉRMINO DE MATERIA
Término de materia o nombre geográfico como elemento de entrada Relojes
Subdivisión general Historia
9 (RLIN) 13567
650 14 - PUNTO DE ACCESO ADICIONAL DE MATERIA--TÉRMINO DE MATERIA
Término de materia o nombre geográfico como elemento de entrada Instrumentos astronómicos
Subdivisión general Historia
9 (RLIN) 13568
700 1# - PUNTO DE ACCESO ADICIONAL--NOMBRE DE PERSONA
Nombre de persona Michel, Henri
Término indicativo de función/relación cuaut.
9 (RLIN) 13569
700 1# - PUNTO DE ACCESO ADICIONAL--NOMBRE DE PERSONA
Nombre de persona Devinoy, Pierre
Término indicativo de función/relación il.
9 (RLIN) 13570
700 1# - PUNTO DE ACCESO ADICIONAL--NOMBRE DE PERSONA
Nombre de persona Landau, Nicolas E.
9 (RLIN) 13571
902 ## - CATALOGADOR
Iniciales DHR
942 ## - ELEMENTOS DE PUNTO DE ACCESO ADICIONAL (KOHA)
Fuente del sistema de clasificación o colocación Library of Congress Classification
Tipo de ítem Koha Libros
Holdings
Estado de retiro Estado de pérdida Estado dañado No para préstamo Localización permanente Ubicación/localización actual Fecha de adquisición Total de préstamos Signatura topográfica completa Código de barras Fecha visto por última vez Precio válido a partir de Tipo de ítem Koha
El ejemplar forma parte de la colección y puede ser consultado según las políticas vigentes.       Biblioteca del Museo Franz Mayer (Rogerio Casas-Alatriste) Biblioteca del Museo Franz Mayer (Rogerio Casas-Alatriste) 02/12/2010   TS542 .G89 1970 DHR00111 22/03/2019 22/03/2019 Libros